Las Pymes argentinas (Registro nro. 6219)

Detalles MARC
000 -LEADER
fixed length control field 01538 a2200217 4500
001 - CONTROL NUMBER
control field 57667
005 - DATE AND TIME OF LATEST TRANSACTION
control field 20260407155836.0
008 - FIXED-LENGTH DATA ELEMENTS--GENERAL INFORMATION
fixed length control field 260407a2004 arg spa d
003 - CONTROL NUMBER IDENTIFIER
control field AR-UNSa-BCEJYS
040 ## - CATALOGING SOURCE
Original cataloging agency AR-UNSa-BCEJYS
Language of cataloging spa
Transcribing agency AR-UNSa-BCEJYS
080 ## - UNIVERSAL DECIMAL CLASSIFICATION NUMBER
Universal Decimal Classification number 334.713
Common auxiliary subdivision Pequeña industria (Pymes)
020 ## - INTERNATIONAL STANDARD BOOK NUMBER
International Standard Book Number 987-21698-0-2
041 ## - LANGUAGE CODE
Language code of text/sound track or separate title spa
100 1# - MAIN ENTRY--PERSONAL NAME
Personal name Asociación de Bancos Públicos y Privados de la República Argentina (ABAPPRA)
245 10 - TITLE STATEMENT
Title Las Pymes argentinas
Name of part/section of a work mitos y realidades
264 #1 - PRODUCTION, PUBLICATION, DISTRIBUTION, MANUFACTURE, AND COPYRIGHT NOTICE
Place of production, publication, distribution, manufacture Buenos Aires :
Name of producer, publisher, distributor, manufacturer ABAPPRA
Date of production, publication, distribution, manufacture, or copyright notice 2004
300 ## - PHYSICAL DESCRIPTION
Extent 280 p.
Dimensions 20 cm.
505 ## - FORMATTED CONTENTS NOTE
Formatted contents note 1. Presentación / Carlos Heller – 2. La realidad PyMe / Edgardo Acuña – 3. El entorno macroeconómico y su impacto sobre las PyMEs / Debora Giorgi y Hernan del Villar – 4. Políticas públicas para las PyMEs / Federico Poli – 5. Las PyMes y su importancia para la competitividad estratégica / Gabriel Yoguel – 6. Las “economías de aglomeración” en los manchones territoriales-sectoriales de MyMi / Vicente N. Donato – 7. PyMEs, patrón de crecimiento y empleo en Argentina / Daniel Kostzer y Diego Schleser – 8. La inserción externa de la economía argentina y la problemática PyME: entre la gestión de políticas y los condicionamientos macroeconómicos / Gustavo Svarzman – 9. La crónica restricción de acceso al crédito de las PyMEs argentinas. Diagnóstico y propuestas / Leonardo Bleger y Mariano Borzel – 10. Definición PyME en la Argentina / IdePyME
590 ## - LOCAL NOTE (RLIN)
Local note niveau_biblio:m niveau_hierar:0
942 ## - ADDED ENTRY ELEMENTS (KOHA)
Koha item type
Existencias
Withdrawn status Lost status Damaged status Not for loan Home library Current library Shelving location Date acquired Total checkouts Full call number Barcode Date last seen Price effective from Koha item type
        Biblioteca Prof. Eusebio Cleto del Rey Biblioteca Prof. Eusebio Cleto del Rey   07/04/2026   334.713 A837 L128794 07/04/2026 07/04/2026 Libro